مكتبة جامعة عجلون الوطنية

فهرس بحث المكتبة

Normal view MARC view
  • الشافعي، حسن أحمد

Entry Personal Name

Number of records used in: 1

001 - CONTROL NUMBER

  • control field: 32002

003 - CONTROL NUMBER IDENTIFIER

  • control field: JO-AjAnu

005 - DATE AND TIME OF LATEST TRANSACTION

  • control field: 20230606075401.0

008 - FIXED-LENGTH DATA ELEMENTS

  • fixed length control field: 230606|| aca||aabn | a|a d

040 ## - CATALOGING SOURCE

  • Original cataloging agency: JO-AjAnu
  • Transcribing agency: JO-AjAnu

100 ## - HEADING--PERSONAL NAME

  • Personal name: الشافعي، حسن أحمد

670 ## - SOURCE DATA FOUND

  • Source citation: Work cat.: (JO-AjAnu)16435: الشافعي، حسن أحمد, author, الموسوعة الاقتصادية لاقتصاديات الرياضة: الاستثمار والتسويق في التربية البدنية = SPORT ECONOMICES INVESTMENT, MARKETING PHYICAL EDUCTION AND SPORT